Avere o essere? /
Questo testo è, insieme a L'arte di amare, la più fortunata opera di Fromm. La ormai proverbiale distinzione che propone, tra una vita fondata sull'avere (ossia sull'egoismo e sull'avidità) e una vita fondata sull'essere (ossia sull'amore e la gioia di condividere) ha sedotto intere generazioni di l...
Salvato in:
| Autore principale: | |
|---|---|
| Altri autori: | |
| Natura: | Libro |
| Lingua: | italiano |
| Pubblicazione: |
Milano :
A. Mondadori,
1977
|
| Serie: | Saggi ;
87 |
| Soggetti: | |
| Tags: |
Nessun Tag, puoi essere il primo ad aggiungerne!!
|
MARC
| LEADER | 00000nam a22000007i 4500 | ||
|---|---|---|---|
| 001 | IT\ICCU\LIA\0169593 | ||
| 003 | ItRI | ||
| 005 | 20260115231844.0 | ||
| 008 | 890903s1977 it |||||| ||||| |||||c | ||
| 020 | |a 8804140631 (Dalla 32. rist. 1990) | ||
| 040 | |b ita |c importazione bologna sebina | ||
| 041 | 7 | |a ita |2 ISO-639-2 | |
| 082 | |a 150.19 |9 PSICOLOGIA. SISTEMI, SCUOLE, POSIZIONI |2 12 | ||
| 100 | 1 | |a Fromm, Erich |0 IT\ICCU\CFIV\008073 |4 aut | |
| 240 | 1 | 0 | |a To Have or to Be? |3 IT\ICCU\CFI\0013490 |9 Fromm, Erich |
| 245 | 1 | 0 | |a Avere o essere? / |c Erich Fromm ; traduzione di Francesco Saba Sardi. |
| 260 | |a Milano : |b A. Mondadori, |c 1977 | ||
| 300 | |a 299 p. ; |c 21 cm | ||
| 520 | |a Questo testo è, insieme a L'arte di amare, la più fortunata opera di Fromm. La ormai proverbiale distinzione che propone, tra una vita fondata sull'avere (ossia sull'egoismo e sull'avidità) e una vita fondata sull'essere (ossia sull'amore e la gioia di condividere) ha sedotto intere generazioni di lettori. ne era autorevole esponente, ne illustra i precetti sulla traccia di un nuovo statuto. Emanuele Narducci, con la sua prefazione, guida il lettore a una approfondita comprensione dell'opera. Testo latino a fronte. | ||
| 650 | 7 | |a Esistenza | |
| 650 | 7 | |a Psicologia sociale | |
| 650 | 7 | |a Uomo | |
| 650 | 7 | |a Uomo e societa |x Sec. 20. |2 scbi | |
| 700 | 1 | |a Saba Sardi, Francesco |0 IT\ICCU\CFIV\008075 |4 trl | |
| 752 | |a it |d Milano | ||
| 790 | 1 | |a Fromm, Erick |3 IT\ICCU\UTOV\583856 |z Fromm, Erich | |
| 830 | 0 | |a Saggi ; |v 87 |0 IT\ICCU\CFI\0002243 | |
| 942 | |2 ddc |c BK |n 0 | ||
| 952 | |0 0 |1 0 |4 0 |6 DOC_128_000000000000000_FRO |7 0 |9 14373 |a BO |b BO |d 2026-01-15 |i 6252 |l 0 |o DOC 128 FRO |p BO6252 |r 2026-01-15 23:18:44 |w 2026-01-15 |x [Sebina 5] [1 v.] |y BK |z 1 v. | ||
| 999 | |c 12409 |d 12409 | ||